000 00317nam a22001337a 4500
008 171023b xxu||||| |||| 00| 0 eng d
020 _a1314907823
041 _aeng
080 _25 ED
_a338
100 _a54
101 _aMEN
245 _aQUANTITATIVE METHODS FOR BUSINESS
_cWOLLIAMS .A.S
942 _2udc
_cBK
999 _c35368
_d35368